All Train Stations from Waterloo to Dorking - Statistics

General Stats
  • This quiz has been taken 23 times
  • The average score is 12 of 15
Answer Stats
Hint Answer % Correct
1 Waterloo
100%
3 Clapham Junction
94%
15 Dorking
94%
11 Epsom
88%
13 Leatherhead
88%
2 Vauxhall
88%
12 Ashtead
82%
14 Box Hill and Westhumble
82%
5 Wimbledon
82%
6 Raynes Park
76%
4 Earlsfield
71%
10 Ewell West
71%
7 Motspur Park
71%
9 Stoneleigh
71%
8 Worcester Park
59%
No matching quizzes found
Score Distribution
Percent of People with Each Score
Percentile by Number Answered
Your Score History
You have not taken this quiz